New and renewable sources of energy : information sources = Sources d'energie nouvelles et renouvelables : sources d'information = Fuentes de energia nuevas y renovables : fuentes de informacion
Αποθηκεύτηκε σε:
| Συλλογικό Έργο: | , |
|---|---|
| Μορφή: | Πρακτικό Συνεδρίου Βιβλίο |
| Γλώσσα: | English French Spanish |
| Δημοσίευση: |
Nairobi :
Infoterra,
1981.
|
| Θέματα: | |
| Ετικέτες: |
Προσθήκη ετικέτας
Δεν υπάρχουν, Καταχωρήστε ετικέτα πρώτοι!
|
MARC
| LEADER | 00000cam a2200000 i 4500 | ||
|---|---|---|---|
| 001 | 1/9191 | ||
| 008 | 970203s1981 ke | ||| |||| ||eng|| | ||
| 035 | |l 10017382 | ||
| 040 | |a GR-MyUa |b gre |e AACR2 | ||
| 041 | 0 | |a eng |a fre |a spa | |
| 082 | 7 | |a 333.794 |2 (22) | |
| 111 | 2 | |a United Nations Conference on New and Renewable Sources of Energy. | |
| 245 | 1 | 0 | |a New and renewable sources of energy : |b information sources = Sources d'energie nouvelles et renouvelables : sources d'information = Fuentes de energia nuevas y renovables : fuentes de informacion / |c United Nations Environment Programme. |
| 246 | 1 | |i Παράλληλος τίτλος: |a Sources d'energie nouvelles et renouvelables : |b sources d'information | |
| 246 | 1 | |i Παράλληλος τίτλος: |a Fuentes de energia nuevas y renovables : |b fuentes de informacion | |
| 260 | |a Nairobi : |b Infoterra, |c 1981. | ||
| 650 | 0 | |a Energy development |x Environmental aspects. | |
| 650 | 0 | |a Renewable energy sources |x Environmental aspects. | |
| 650 | 0 | |a Environmental impact analysis. | |
| 710 | 2 | |a United Nations Environment Programme. | |
| 852 | |a INST |b LESVOS |e 19970203 |h 333.794 NEW |p 005100012053 |q 005100012053 |t BK |y 0 | ||
| 922 | |a 1ΕΛΗ |b 198803 |c ΠΠ/910 | ||